Flora nativa. Propagación de plantas del sur de Chile.

Сохранить в:
Библиографические подробности
Главный автор: Vidal, Juan (autor)
Другие авторы: Carmona, María José (ilustraciones), Díaz, Javiera, Masoli, Carolina (colaboradora), Lazzarino, Silvia (colaboradora), Rojas, Rolando (colaborador)
Формат:
Язык:английский
Опубликовано: Santiago, Chile: Amanuta, 2016
Редактирование:Primera edición.
Серии:Colección Abre los ojos.
Предметы:
Метки: Добавить метку
Нет меток, Требуется 1-ая метка записи!

MARC

LEADER 00000nam a22000007a 4500
003 CL-VaPUC
005 20220915101350.0
008 220407b2016 ||||| |||| 00| 0 eng d
999 |c 435318  |d 435316 
020 |a 978-956-364-003-8 
040 |c Pontificia Universidad Católica de Valparaíso 
082 7 |a 631.53 VID 2016  |2 22 
100 1 |a Vidal, Juan   |e autor  |9 868113 
245 |a Flora nativa.   |b Propagación de plantas del sur de Chile.  
250 |a Primera edición.  
260 |a Santiago, Chile:   |b Amanuta,   |c 2016 
300 |a 111 páginas,   |b ilustraciones  
490 |a Colección Abre los ojos.  
500 |a c.3. Donación Escuela Agronomía. Memo Cur 25/07/2022. 
583 |c 20220407  |k Cristina María Rojas Aguilar 
650 0 |a Propagación de plantas  |9 339631  |x Flora nativa chilena  
650 0 |a Flora nativa chilena  |9 531171  |x Propagación  
700 |a Carmona, María José   |e ilustraciones   |9 868114 
700 |a Díaz, Javiera  |9 868115 
700 |a Masoli, Carolina   |9 868116  |e colaboradora 
700 |a Lazzarino, Silvia  |9 868117  |e colaboradora 
700 |a Rojas, Rolando  |9 868118  |e colaborador 
942 |2 ddc  |c BK 
952 |0 0  |1 0  |2 ddc  |4 0  |6 631_530000000000000_VID_2016  |7 0  |8 A  |9 582498  |a BIBAGR  |b BIBAGR  |c GEN  |d 2022-04-07  |i 5650673  |l 4  |o 631.53 VID 2016  |p 5650673  |r 2025-04-22  |s 2025-04-15  |t 1  |w 2022-04-07  |y BK  |k AGR